| 000 | 01767nam a2200397 c 4500 | ||
|---|---|---|---|
| 001 | 22207 | ||
| 003 | ES-MaCES | ||
| 005 | 20150923143703.0 | ||
| 008 | 090706s2006 sp a o100 | spa d | ||
| 017 |
_aM 42453-2006 _bDL |
||
| 035 | _aCES20090006332m | ||
| 040 |
_aES-MaCES _bspa _cES-MaCES |
||
| 111 | 2 |
_aJornadas de Gestión de la Información _n8ª _d2006 _cMadrid _91090 |
|
| 245 | 1 | 0 |
_aNuevas interfaces centradas en el usuario _b: tendencias en la organización de contenidos, documentos y bibliotecas : actas de las Jornadas _cVIII Jornadas de Gestión de la Información, Biblioteca Nacional, Madrid, 6 y 7 de noviembre de 2006 ; [organizadas por SEDIC ; con el patrocinio de la Dirección General del Libro, Archivos y Bibliotecas, Ministerio de Cultura ; con la col. de la Biblioteca Nacional de España] |
| 260 |
_aMadrid _bSEDIC _c[2006] |
||
| 300 |
_a199 p. _bil. bl. y n. _c24 cm |
||
| 504 | _aBibliografía | ||
| 541 | _cGratuito | ||
| 650 | 4 |
_aarchivos _928922 |
|
| 650 | 4 |
_aservicio de información _928925 |
|
| 650 | 4 |
_atecnología de la información _930104 |
|
| 650 | 4 |
_aInternet _930572 |
|
| 650 | 4 |
_aprocesamiento de la información _928917 |
|
| 650 | 4 |
_arecuperación de la información _928918 |
|
| 650 | 4 |
_agestión electrónica de documentos _930570 |
|
| 650 | 4 |
_abase de datos _929266 |
|
| 650 | 4 |
_aconferencia _927013 |
|
| 653 | 1 | 0 | _aBiblioteconomía |
| 650 | 4 |
_928926 _abiblioteca |
|
| 710 | 1 |
_aSociedad Española de Documentación e Información Científica _ecol. _94991 |
|
| 710 | 1 |
_aEspaña _bDirección General del Libro, Archivos y Bibliotecas _ecol. _92819 |
|
| 710 | 2 |
_aBiblioteca Nacional (España) _ecol. _91652 |
|
| 902 | _aLIB Libro | ||
| 942 |
_2CES _cBK _h9.0. |
||
| 999 |
_c22207 _d22207 |
||